Định hướng hoàn thiện pháp luật về tổ chức tài chính vi mô ở Việt Nam hiện nay /

Αποθηκεύτηκε σε:
Λεπτομέρειες βιβλιογραφικής εγγραφής
Κύριος συγγραφέας: Viên Thế Giang, ThS.
Μορφή: Άρθρο
Γλώσσα:Vietnamese
Θέματα:
Ετικέτες: Προσθήκη ετικέτας
Δεν υπάρχουν, Καταχωρήστε ετικέτα πρώτοι!
Thư viện lưu trữ: Thư viện Trường Đại học Đà Lạt
LEADER 00855nam a2200265 4500
001 DLU130148018
005 ##20130527
040 # # |a DLU  |b vie 
041 # # |a vie 
044 # # |a vn 
100 # # |a Viên Thế Giang,   |c ThS. 
245 # # |a Định hướng hoàn thiện pháp luật về tổ chức tài chính vi mô ở Việt Nam hiện nay /  |c Viên Thế Giang. 
653 # # |a Chính sách tài chính 
653 # # |a Hoạt động tài chính 
653 # # |a Quản lí tài chính 
773 # # |t Tạp chí Nhà nước và pháp luật   |g Số 1(285), 2012, tr. 33-40 
920 # # |a Phòng Tạp chí -- Trung tâm Thông tin - Thư viện Trường Đại học Đà Lạt 
994 # # |a DLU 
900 # # |a True 
911 # # |a Nguyễn Thị Linh Chi 
925 # # |a G 
926 # # |a A 
927 # # |a BB 
980 # # |a Thư viện Trường Đại học Đà Lạt